[Event "77th ch-ESP 2012"]
[Site "San Agustin ESP"]
[Date "2012.10.03"]
[Round "5.13"]
[White "Nicolas Zapata,I"]
[Black "Moya Mallafre,E"]
[Result "1-0"]
[WhiteElo "2193"]
[BlackElo "1988"]

1.Nf3 d5 2.g3 Bg4 3.Bg2 Nd7 4.c4 e6 5.cxd5 exd5 6.Qb3 Nc5 7.Qe3+ Be7 8.d4 Nd7
9.Qb3 Nb6 10.Ne5 Be6 11.O-O Nf6 12.a4 a5 13.Qd3 O-O 14.b3 Bb4 15.Ba3 Qd6
16.Bxb4 Qxb4 17.Na3 Rfd8 18.Nc2 Qe7 19.Ne3 Nbd7 20.Rac1 c6 21.f4 Nxe5 22.dxe5 Ng4
23.f5 Nxe5 24.Qd4 Bc8 25.Kh1 Re8 26.Rce1 Qg5 27.Rf4 f6 28.Bf3 Nf7 29.Rg1 Kh8
30.h4 Qh6 31.Ng4 Qh5 32.Nxf6 Re4 33.Rxe4 Qxf5 34.Re8+  1-0

[Event "TCh-SWE Elite 2012-13"]
[Site "Malmo SWE"]
[Date "2012.10.05"]
[Round "1"]
[White "Norberg,Er"]
[Black "Scheid,Adam"]
[Result "1/2-1/2"]
[WhiteElo "2214"]
[BlackElo "2009"]

1.Nf3 d5 2.g3 Nf6 3.Bg2 g6 4.c4 c6 5.O-O Bg7 6.d4 O-O 7.cxd5 cxd5 8.Nc3 Nc6
9.Re1 Bf5 10.Nh4 Be6 11.Bf4 Qb6 12.Rb1 Qxd4 13.Nb5 Qxd1 14.Rexd1 Rac8 15.Nc7 Bg4
16.f3 e5 17.Nxd5 Nxd5 18.fxg4 Nxf4 19.gxf4 exf4 20.Rd7 Ne5 21.Rxb7 Nxg4 22.Bd5 Bd4+
23.Kh1 Rc5 24.Bb3 Nf2+ 25.Kg2 Rg5+ 26.Kf3 Rh5 27.Ng2 Rh3+ 28.Kxf4 Rxh2 29.e3 Nd3+
30.Kf3 Bb6 31.Kg3 Rh5 32.Rf1 Rg5+ 33.Kh3 Rh5+ 34.Kg3 Rg5+ 35.Kh3 Rh5+  1/2-1/2

[Event "TCh-ISL 2012-13"]
[Site "Reykjavik ISL"]
[Date "2012.10.05"]
[Round "1.3"]
[White "Gajewski,G"]
[Black "Glud,J"]
[Result "1/2-1/2"]
[WhiteElo "2635"]
[BlackElo "2520"]

1.Nf3 d5 2.g3 Nf6 3.Bg2 c6 4.O-O Bg4 5.d3 Nbd7 6.Nbd2 e6 7.e4 dxe4 8.dxe4 Ne5
9.Qe2 Bc5 10.h3 Nxf3+ 11.Nxf3 Bxf3 12.Qxf3 e5 13.b3 Qe7 14.Bb2 Ba3 15.Bxa3 Qxa3
16.Qc3 Qe7 17.Rad1 O-O 18.Rd2 a5 19.Rfd1 a4 20.b4 a3 21.Qb3 h5 22.h4 Rfd8
23.Bf3 Rxd2 24.Rxd2 b5 25.c3 c5 26.bxc5 Qxc5 27.Rd5 g6 28.Qb4 Qc4 29.Qxc4 bxc4
30.Rd6 Kg7 31.Kf1 Ra7 32.Kg2 Ra8 33.Rc6 Rd8 34.Ra6 Rd2 35.Rxa3 Rc2 36.Kf1 Ng4
37.Be2 Rc1+ 38.Kg2 Rc2 39.Kf1 Rc1+ 40.Kg2 Rc2  1/2-1/2

[Event "St Petersburg Rapid Cup 2012"]
[Site "St Petersburg RUS"]
[Date "2012.10.05"]
[Round "2.3"]
[White "Efimenko,Z"]
[Black "Shimanov,A"]
[Result "1/2-1/2"]
[WhiteElo "2689"]
[BlackElo "2599"]

1.Nf3 d5 2.g3 g6 3.Bg2 Bg7 4.c4 Nf6 5.cxd5 Nxd5 6.O-O c5 7.Nc3 O-O 8.Qa4 Nb4
9.d3 Bd7 10.Qd1 Bc6 11.Be3 Nd7 12.Rc1 Nd5 13.Nxd5 Bxd5 14.b3 Rc8 15.d4 cxd4
16.Rxc8 Qxc8 17.Bxd4 Bxd4 18.Qxd4 Qc5 19.Rd1 Qxd4 20.Rxd4 e6 21.Nd2 Nb6 22.Bxd5 Nxd5
23.e4 Nc3 24.Rd7 Nxa2 25.Rxb7 Rd8 26.Nf3 a6 27.Ne5 Rf8 28.Rc7 Nb4 29.Kg2 f5
30.Nd7 Rf7 31.e5 Kg7 32.Nc5 Rxc7 33.Nxe6+ Kf7 34.Nxc7 a5 35.f4 Nc2 36.Nb5 Ke6
37.Kf2 Kd5 38.Nc3+ Kc5 39.Ne2 Kd5 40.h4 h6 41.Nc1 g5 42.h5 gxf4 43.gxf4 Nd4
44.Ke3 Nc2+ 45.Kd2 Nd4 46.Ke3 Nc2+ 47.Kd3 Nd4 48.Ke3 Nc2+ 49.Kd2 Nd4 50.Kd3 Ne6
51.Ne2 Nc5+ 52.Kc3 Ne6 53.Kd3 Ng7 54.Ng3 Ne6 55.Nxf5 Nxf4+ 56.Kc3 Kxe5 57.Nxh6 Nxh5
58.Kc4 Nf4 59.Kb5 Nd5 60.Kxa5 Kd4 61.Nf5+ Kc3 62.Ka4 Nb6+ 63.Ka3 Nc4+ 64.Ka4 Nb6+
65.Ka3  1/2-1/2

[Event "St Petersburg Rapid Cup 2012"]
[Site "St Petersburg RUS"]
[Date "2012.10.05"]
[Round "4.2"]
[White "Efimenko,Z"]
[Black "Inarkiev,E"]
[Result "0-1"]
[WhiteElo "2689"]
[BlackElo "2683"]

1.Nf3 d5 2.g3 c6 3.Bg2 Bg4 4.c4 e6 5.O-O Nd7 6.cxd5 exd5 7.h3 Bh5 8.d3 Be7
9.Nc3 Ngf6 10.e4 dxe4 11.dxe4 Nc5 12.g4 Bg6 13.Ne5 Qxd1 14.Rxd1 Nfxe4 15.Re1 Nxc3
16.bxc3 Rc8 17.Ba3 Ne6 18.Bxe7 Kxe7 19.f4 f5 20.Rab1 Rc7 21.Rb2 Re8 22.Rbe2 Kd6
23.Nc4+ Kc5 24.Re5+ Kxc4 25.R1e3 Nxf4 26.Bf1+ Nd3 27.Bxd3+ Kxc3 28.Bxf5+ Kb2
29.Rxe8 Bxe8 30.Rxe8 Kxa2 31.Bxh7 c5 32.Kf2 c4 33.Ke1 b5 34.Rb8 a6 35.Rb6 Ra7
36.h4 Kb2 37.Re6 b4 38.Re2+ Ka3 39.h5 c3 40.Re3 Rc7 41.Re6 a5 42.Kd1 b3 43.Re3 Kb2
44.Ke1 c2 45.Re2 Ka3  0-1

[Event "TCh-AUT 2 East 2012-13"]
[Site "Austria AUT"]
[Date "2012.10.06"]
[Round "1.2"]
[White "Petran,Pe"]
[Black "Krpelan,W"]
[Result "1/2-1/2"]
[WhiteElo "2277"]
[BlackElo "2246"]

1.g3 d5 2.Nf3 c6 3.Bg2 Bf5 4.d3 h6 5.Nbd2 Nf6 6.b3 e6 7.Bb2 Bc5 8.O-O O-O
9.Ne5 Nbd7 10.e4 Bh7 11.Nxd7 Nxd7 12.Qe2 Qb6 13.exd5 cxd5 14.Qg4 Bg6 15.Nf3 h5
16.Qg5 Qd8 17.Qd2 Be7 18.Qe2 Bf6 19.Bxf6 Qxf6 20.Nh4 Rfd8 21.Bf3 Ne5 22.Bg2 Rac8
23.Rac1 Nc6 24.c3 Ne7 25.d4 Rc7 26.Rfd1 Rdc8 27.c4 b6 28.Rc3 Bh7 29.Bf1 Be4
30.Qxh5 dxc4 31.bxc4 Bd5 32.Ra3 Bxc4 33.Bxc4 Rxc4 34.Rxa7 Nc6 35.Rb7 Nxd4
36.Rxb6 Rc2 37.Rf1 Rxa2 38.Kg2 g6 39.Qh6 Nf5  1/2-1/2

[Event "TCh-NED Meesterklasse 2012-13"]
[Site "Netherland NED"]
[Date "2012.10.06"]
[Round "2.2"]
[White "Rotstein,A"]
[Black "Van Kampen,R"]
[Result "0-1"]
[WhiteElo "2510"]
[BlackElo "2572"]

1.g3 d5 2.Nf3 Nf6 3.Bg2 c6 4.O-O Bg4 5.c4 e6 6.cxd5 exd5 7.Qb3 Qb6 8.Qc2 Be7
9.d3 O-O 10.Nc3 Bxf3 11.Bxf3 d4 12.Ne4 Nxe4 13.Bxe4 Nd7 14.Bf4 Rfe8 15.b4 Qxb4
16.Rfb1 Qc5 17.Qb3 Nf6 18.Qxb7 Nxe4 19.dxe4 Qc4 20.Rb2 Ba3 21.Rb3 Bf8 22.Kf1 Qe6
23.f3 a5 24.Rb6 d3 25.Rxc6 Qh3+ 26.Kg1 dxe2 27.Re1 Rad8 28.Rcc1 Rd3 29.Qb5 Red8
30.Rxe2 Ba3 31.Rb1 Bb4 32.Rf1 Rd1 33.Rf2 h6 34.Be3 R8d3 35.Bb6 Be1 36.Qe8+ Kh7
37.Rg2 R3d2 38.Rxd2  0-1

[Event "TCh-ISL 2012-13"]
[Site "Reykjavik ISL"]
[Date "2012.10.06"]
[Round "2.4"]
[White "Gislason,G"]
[Black "Olafsson,D"]
[Result "1/2-1/2"]
[WhiteElo "2336"]
[BlackElo "2321"]

1.Nf3 d5 2.g3 g6 3.Bg2 Bg7 4.O-O Nf6 5.c4 c6 6.Qc2 O-O 7.d3 Na6 8.Bd2 dxc4
9.Qxc4 Nd5 10.Nc3 e5 11.Ne4 h6 12.b4 Qe7 13.b5 Nb6 14.Qc1 cxb5 15.Bxh6 Bd7
16.Bxg7 Kxg7 17.Qb2 f6 18.Rac1 Rac8 19.h4 b4 20.d4 Nc4 21.Qa1 b5 22.dxe5 Nxe5
23.Qd4 Nxf3+ 24.Bxf3 Be6 25.Qb2 Rfd8 26.Ng5 Nc5 27.Nxe6+ Nxe6 28.e3 a5 29.Qe2 Rc5
30.Rcd1 Qc7 31.Rxd8 Nxd8 32.Qd3 Nf7 33.Qe4 Ne5 34.Be2 Qc6 35.Qxc6 Nxc6 36.Rd1 Ne5
37.f4 Nc4 38.Rd7+ Kf8 39.Kf2 a4 40.g4 Na3 41.h5 gxh5 42.gxh5 b3 43.axb3 axb3
44.h6 Kg8 45.Bd3 Rc8 46.Bf5 b2 47.Rd1 Rb8 48.Kf3 Nc4 49.Rd7 Na3 50.Rd1 b4
51.Kg4 b3 52.Kh5 b1=Q 53.Bxb1 Nxb1 54.Rxb1 Kh7 55.Kg4 Kxh6 56.Rb2 Kg6 57.Kf3 Kf5
58.e4+ Ke6 59.Ke3 Kd6 60.Kd3 Kc5 61.Kc3 Rb4 62.Re2 b2 63.Rxb2 Rxe4 64.Rd2 Rxf4
65.Rd8 Re4 66.Kd3 Re6 67.Rd4 Kc6 68.Re4 Rd6+ 69.Ke3 Rd1 70.Re6+  1/2-1/2

[Event "TCh-Central SRB 2012"]
[Site "Vrnjacka Banja SRB"]
[Date "2012.10.06"]
[Round "10.4"]
[White "Marinkovic,I"]
[Black "Nestorovic,De"]
[Result "1/2-1/2"]
[WhiteElo "2443"]
[BlackElo "2438"]

1.Nf3 d5 2.g3 c6 3.Bg2 Nf6 4.O-O Bg4 5.b3 e6 6.Bb2 Bd6 7.c4 Nbd7 8.d3 O-O
9.Nbd2 Qe7 10.a3 e5  1/2-1/2

[Event "TCh-BEL 2012-13"]
[Site "Belgium BEL"]
[Date "2012.10.07"]
[Round "2.7"]
[White "Kern,G"]
[Black "Knors,R"]
[Result "1-0"]
[WhiteElo "2362"]
[BlackElo "2112"]

1.Nf3 d5 2.g3 Nf6 3.Bg2 g6 4.b3 Bg7 5.Bb2 O-O 6.c4 c6 7.O-O Nbd7 8.Qc2 b6
9.d4 Bb7 10.Nc3 Rc8 11.Rfd1 Qc7 12.Rac1 Qb8 13.e3 Qa8 14.cxd5 cxd5 15.Qd3 a6
16.Ne5 e6 17.f4 Nxe5 18.fxe5 Ne4 19.Na4 Qa7 20.Ba3 Rfe8 21.Bxe4 dxe4 22.Qf1 Bh6
23.Qe1 Bc6 24.Nc3 Qb7 25.Bd6 Bd5 26.Rc2 Bc6 27.Rdc1 Bd7 28.h4 b5 29.Bb4 Qa8
30.g4 a5 31.Bc5 b4 32.Nd1 Bb5 33.g5 Bg7 34.Nf2 Bd3 35.Rd2 Qd5 36.Ng4 Kh8
37.Rh2 Qd8 38.Qf2 Rc7 39.Qf4 Bf8 40.Nf6 Bxc5 41.Nxe8 Qxe8 42.Qf6+ Kg8 43.dxc5  1-0

[Event "3rd Copa Latino-Americana"]
[Site "Cali COL"]
[Date "2012.10.07"]
[Round "7.12"]
[White "Beltran,C2"]
[Black "Ruiz C,J"]
[Result "1-0"]
[WhiteElo "2210"]
[BlackElo "2315"]

1.Nf3 d5 2.g3 e6 3.Bg2 c5 4.O-O Nf6 5.c4 Be7 6.b3 O-O 7.Bb2 Nc6 8.e3 b6 9.d4 Bb7
10.Nbd2 Rc8 11.Ne5 Nxe5 12.dxe5 Nd7 13.cxd5 Bxd5 14.Bxd5 exd5 15.Qg4 f5 16.Qf3 Nb8
17.Rfd1 Qd7 18.Nc4 Rcd8 19.Nd6 Bxd6 20.Qxd5+ Qf7 21.exd6 Qxd5 22.Rxd5 Rd7
23.Rad1 Nc6 24.Be5 Kf7 25.Bf4 Kf6 26.h4 h6 27.h5 Re8 28.f3 Ne5 29.Kf2 Nf7
30.g4 fxg4 31.Rg1 Ne5 32.fxg4 Nf7 33.Kf3 Ke6 34.e4 Nxd6 35.g5 Nf7 36.g6 Nd6
37.Rgd1 Red8 38.Re5+ Kf6 39.Rdd5 Re7 40.Bg3 Rxe5 41.Bxe5+ Ke6 42.Bxg7 Rc8
43.Bxh6  1-0

[Event "TCh-HUN 2012-13"]
[Site "Dunaharaszti HUN"]
[Date "2012.10.07"]
[Round "2"]
[White "Berczes,C"]
[Black "Grunberg,M"]
[Result "0-1"]
[WhiteElo "2388"]
[BlackElo "2413"]

1.Nf3 d5 2.g3 c6 3.Bg2 Bg4 4.c4 Nd7 5.cxd5 cxd5 6.Qb3 Nc5 7.Qb4 Bd7 8.d4 a5
9.Qc3 Ne4 10.Qb3 e6 11.O-O a4 12.Qd3 Qb6 13.Nc3 Nxc3 14.bxc3 Bb5 15.Qe3 Nf6
16.Ne5 Be7 17.f4 O-O 18.g4 Rae8 19.Bd2 Qa6 20.Rf2 Nd7 21.g5 Nb6 22.Qf3 Nc4
23.Rd1 a3 24.Bc1 Nd6 25.Qh5 Qa4 26.Re1 Rc8 27.Rf3 g6 28.Qh3 Nf5 29.Ng4 Bxe2
30.Rxe2 Qd1+ 31.Bf1 Qxc1 32.Re5 h5 33.gxh6 b5 34.h7+ Kh8 35.Re2 b4 36.cxb4 Nxd4
37.Ref2 Nxf3+ 38.Rxf3 d4 39.Qh6 Rc3 40.Rf2 d3 41.Nf6 d2 42.Nh5 gxh5 43.Rg2 Qxf1+
44.Kxf1 d1=Q+  0-1

[Event "Frau Bundesliga Div1 2012-13"]
[Site "Germany GER"]
[Date "2012.10.07"]
[Round "2.3"]
[White "Moser,E"]
[Black "Manakov,Marina"]
[Result "1/2-1/2"]
[WhiteElo "2443"]
[BlackElo "2294"]

1.g3 d5 2.Nf3 Nf6 3.Bg2 Bf5 4.O-O e6 5.d3 Be7 6.Nbd2 h6 7.c4 c6 8.b3 O-O
9.Bb2 Nbd7 10.Qc2 Bh7 11.Rad1 a5 12.a3 Qb8 13.e4 dxe4 14.dxe4 Rd8 15.Rfe1 Nc5
16.Ne5 Qc7 17.Kh1 Bd6  1/2-1/2

[Event "119th ch-SCO 2012"]
[Site "Glasgow SCO"]
[Date "2012.10.07"]
[Round "4"]
[White "Bolt,G"]
[Black "Roy,Ali"]
[Result "1-0"]
[WhiteElo "2071"]
[BlackElo "1822"]

1.Nf3 d5 2.g3 Nf6 3.Bg2 c6 4.O-O Nbd7 5.d3 e5 6.Nbd2 Bd6 7.e4 O-O 8.b3 a5
9.a4 Bb4 10.Bb2 d4 11.Nh4 Nb6 12.Qc1 Be6 13.Ba3 Bxa3 14.Qxa3 Ng4 15.h3 Nh6
16.Nhf3 Qc7 17.Nc4 Nxc4 18.bxc4 c5 19.Rab1 b6 20.Rb3 f5 21.Ng5 Rae8 22.Qb2 Nf7
23.Nxf7 Rxf7 24.Rxb6 f4 25.gxf4 exf4 26.f3 Qd7 27.Qb5 Qe7 28.Rb1 Rff8 29.Qxa5 Qg5
30.Kh1 Qg3 31.Qe1 Rf6 32.Qxg3 fxg3 33.a5 Ra8 34.Rb8+ Rf8 35.Rxa8 Rxa8 36.Ra1 g5
37.Bf1 h5 38.Kg2 h4 39.f4 gxf4 40.Kf3 Ra7 41.Bg2 Bc8 42.a6 Kg7 43.Kxf4 Rf7+
44.Kg5 Bxa6 45.Rxa6 Rf2 46.Ra7+ Kf8 47.Kxh4 Rxg2 48.Ra1 Rxc2 49.Kxg3 Re2
50.Rd1 Re3+ 51.Kg4 Kg7 52.h4 Kg6 53.h5+ Kh6 54.Kf5 Rf3+ 55.Ke5 Rh3 56.Kd6 Rxh5
57.e5 Kg7 58.Kxc5 Rxe5+ 59.Kxd4 Kf6 60.Rh1 Rg5 61.Re1  1-0

[Event "TCh-AUT 2 West 2012-13"]
[Site "Salzburg AUT"]
[Date "2012.10.07"]
[Round "3.5"]
[White "Pitl,G"]
[Black "Scheiblmaier,R"]
[Result "1/2-1/2"]
[WhiteElo "2401"]
[BlackElo "2149"]

1.Nf3 d5 2.g3 c5 3.Bg2 Nc6 4.d4 e6 5.O-O Nf6 6.c4 Be7 7.dxc5 Bxc5 8.a3 O-O
9.b4 Be7 10.Bb2 dxc4 11.Qc2 Bd7 12.Qxc4 Rc8 13.Qb3 b5 14.Nc3 Qb6 15.e4 Rfd8
16.e5 Ne8 17.Ne4 a5 18.Bc3 axb4 19.axb4 Ra8 20.Rxa8 Rxa8 21.Rd1 Rd8 22.Qb1 h6
23.Bd2 Qb8 24.Nc5 Bxc5 25.bxc5 Nc7 26.Bf4 Be8 27.Rd6 Nd5 28.Nd2 Nce7 29.Nb3 Nxf4
30.gxf4 Nf5 31.Rxd8 Qxd8 32.c6 Ne7 33.Qc2 Nxc6 34.Bxc6 Bxc6 35.Qxc6 Qd1+
36.Kg2 Qxb3 37.Qe8+ Kh7 38.Qxf7 Qd5+ 39.f3 Qd2+ 40.Kg3 Qe1+  1/2-1/2

[Event "St Petersburg Rapid Cup 2012"]
[Site "St Petersburg RUS"]
[Date "2012.10.07"]
[Round "9.3"]
[White "Inarkiev,E"]
[Black "Khairullin,I"]
[Result "1-0"]
[WhiteElo "2683"]
[BlackElo "2639"]

1.Nf3 d5 2.g3 c6 3.Bg2 Bg4 4.d3 Nd7 5.Nbd2 e5 6.h3 Bh5 7.e4 Ngf6 8.O-O Bd6
9.b3 O-O 10.Bb2 Re8 11.Qe1 a5 12.a3 dxe4 13.dxe4 b5 14.Nh4 Nc5 15.Nf5 Bf8
16.Qe3 Nfd7 17.Nf3 f6 18.Rfd1 Qc7 19.Rd2 Ne6 20.Rad1 Nb6 21.h4 Bc5 22.Qe2 Rad8
23.Bh3 Rxd2 24.Rxd2 Nd7 25.Rd3 Bf8 26.Bc1 Ndc5 27.Rd1 Rd8 28.Rxd8 Qxd8 29.b4 axb4
30.axb4 Na4 31.Nh6+ gxh6 32.Bxe6+ Kg7 33.g4 Be8 34.Bd2 Qd6 35.Bf5 Bg6 36.Qe3 Kg8
37.g5 hxg5 38.hxg5 Bxf5 39.exf5 Be7 40.g6 hxg6 41.fxg6 Qd7 42.Qe4 Nb6 43.Qh4 Bd8
44.Qh5 Nc4 45.Bc1 f5 46.Bg5 e4 47.Nh4 Bxg5 48.Qxg5 e3 49.fxe3 Qd1+ 50.Kh2 Qd2+
51.Ng2 Kg7 52.Kh3 Qf2 53.Qe7+ Kxg6 54.Nf4+ Kh6 55.Qf6+  1-0

[Event "FSFMA2 October 2012"]
[Site "Budapest HUN"]
[Date "2012.10.08"]
[Round "2.2"]
[White "Neuer,T"]
[Black "Kaufmann,Attila"]
[Result "1-0"]
[WhiteElo "2098"]
[BlackElo "1941"]

1.Nf3 d5 2.g3 c6 3.Bg2 Nf6 4.O-O g6 5.b3 Bg7 6.Bb2 O-O 7.c4 Bg4 8.d3 Nbd7
9.Nbd2 Re8 10.Qc2 e5 11.cxd5 cxd5 12.Rac1 e4 13.dxe4 dxe4 14.Nd4 Qe7 15.h3 e3
16.hxg4 exd2 17.Qxd2 Nxg4 18.Bxb7 Bh6 19.Qc3 Bxc1 20.Nc6 Qf6 21.Qxc1 Qe6
22.Bxa8 Rxa8 23.Nd4 Qb6 24.Qc6 Nge5 25.Qxa8+  1-0

[Event "TCh-ROU League A 2012"]
[Site "Olanesti ROU"]
[Date "2012.10.08"]
[Round "3.2"]
[White "Pop,A"]
[Black "Dinu,DD"]
[Result "1-0"]
[WhiteElo "2239"]
[BlackElo "2274"]

1.Nf3 d5 2.g3 c6 3.Bg2 Bf5 4.c4 e6 5.O-O Nf6 6.b3 Nbd7 7.Bb2 h6 8.d3 Be7
9.Nbd2 Bh7 10.Re1 O-O 11.Qc2 a5 12.a3 Bc5 13.e3 Qe7 14.Qc3 Rfd8 15.e4 dxe4
16.Nxe4 Bxe4 17.Rxe4 e5 18.Re2 Qd6 19.Nxe5 Nxe5 20.Rxe5 Bxf2+ 21.Kxf2 Ng4+
22.Kg1 Nxe5 23.c5 Qe6 24.Qxe5 Qxe5 25.Bxe5 Rxd3 26.Rb1 Re8 27.Bf1 Rd2 28.Bd6 b6
29.Bc7 bxc5 30.Bxa5 Ra2 31.a4 h5 32.Bb6 h4 33.a5 hxg3 34.hxg3 Re3 35.Bc7 Re7
36.Bd6 Re6 37.Bxc5 Rg6 38.Bf2 Rf6 39.Bb6 Rg6 40.Bc7 c5 41.a6  1-0

[Event "TCh-ROU League A 2012"]
[Site "Olanesti ROU"]
[Date "2012.10.09"]
[Round "4.3"]
[White "Paval,G"]
[Black "Patrascu,An"]
[Result "1-0"]
[WhiteElo "2190"]
[BlackElo "2238"]

1.Nf3 d5 2.g3 Nf6 3.Bg2 e6 4.c4 c6 5.O-O Be7 6.d4 O-O 7.Nc3 b6 8.Ne5 Nfd7
9.cxd5 cxd5 10.Nxd5 exd5 11.Bxd5 Nxe5 12.dxe5 Bh3 13.Bxa8 Bxf1 14.Qxf1 Nd7
15.Bg2 Nxe5 16.Bf4 Qd4 17.b3 Ng6 18.Rd1 Qb2 19.Rd2 Qa3 20.Be3 Rc8 21.Qd1 Nf8
22.Rc2 Rd8 23.Qc1 Ne6 24.Qxa3 Rd1+ 25.Bf1 Bxa3 26.Rc8+  1-0

[Event "TCh-ROU League A 2012"]
[Site "Olanesti ROU"]
[Date "2012.10.10"]
[Round "5.2"]
[White "Pop,A"]
[Black "Ionescu,M"]
[Result "1/2-1/2"]
[WhiteElo "2239"]
[BlackElo "2339"]

1.Nf3 d5 2.g3 g6 3.c4 e6 4.Bg2 Bg7 5.O-O Ne7 6.cxd5 exd5 7.d4 O-O 8.Nc3 Nbc6
9.b3 h6 10.Ba3 Be6 11.Rc1 Qd7 12.Na4 b6 13.Qc2 Rfc8 14.Rfd1 Bf5 15.Qd2 g5
16.h4 f6 17.Nc3 Re8 18.hxg5 hxg5 19.Nxg5 Bh6 20.e4 dxe4 21.Ncxe4 Bxe4 22.Bxe4 Bxg5
23.f4 f5 24.Bxe7 fxe4 25.Bxg5 e3 26.Qc2 e2 27.Qg6+ Qg7 28.Qxg7+ Kxg7 29.Re1 Nxd4
30.Rxc7+ Kg6 31.Kf2 Rac8 32.Rd7 Re4 33.Re7 Rxe7 34.Bxe7 Rc3 35.Bb4 Rf3+ 36.Kg2 Kf5
37.Rxe2 Rxg3+ 38.Kxg3 Nxe2+ 39.Kf3 Nxf4 40.Bd2 Ke5  1/2-1/2

[Event "TCh-ROU League A 2012"]
[Site "Olanesti ROU"]
[Date "2012.10.10"]
[Round "5.5"]
[White "Suciu,DS"]
[Black "Andronescu,M"]
[Result "1/2-1/2"]
[WhiteElo "2146"]
[BlackElo "2032"]

1.Nf3 d5 2.g3 Nf6 3.Bg2 e6 4.O-O Be7 5.d3 b6 6.Nbd2 Bb7 7.e4 O-O 8.e5 Nfd7
9.Re1 c5 10.c3 Nc6 11.Nf1 Qc7 12.Bf4 Rfe8 13.h4 h6 14.Ne3 Nf6 15.h5 Nh7 16.Ng4 Qd8
17.Qd2 f5 18.exf6 Nxf6 19.Nxf6+ Bxf6 20.Ne5 Qe7 21.Bh3 Nxe5 22.Bxe5 Rad8
23.d4 Qf7 24.Bxf6 Qxf6 25.Re5 a5 26.Rae1 Rd6 27.Qe3 cxd4 28.cxd4 Bc8 29.f4 Qf7
30.Bg4 Rc6 31.Rxd5 Rc2 32.Rb5 Qc7 33.Rb3 e5 34.Bxc8 Rxc8 35.Qxe5 Qc6 36.d5 Qc5+
37.Rbe3 Rd2 38.Qc3 Qxc3 39.Rxc3 Rxc3 40.bxc3 Rxd5 41.Rb1 Rd3  1/2-1/2

[Event "28th European Club Cup"]
[Site "Eilat ISR"]
[Date "2012.10.12"]
[Round "2.3"]
[White "Teterev,V"]
[Black "Vitiugov,N"]
[Result "1/2-1/2"]
[WhiteElo "2529"]
[BlackElo "2691"]

1.Nf3 d5 2.g3 c6 3.Bg2 Nf6 4.O-O Bf5 5.d3 e6 6.c4 h6 7.cxd5 exd5 8.Nc3 Be7
9.Nd4 Bh7 10.e4 O-O 11.Re1 Na6 12.e5 Ne8 13.Bh3 Nc5 14.Nf5 Ne6 15.d4 Bb4
16.f4 Ba5 17.Be3 c5 18.Kh1 N8c7 19.Nd6 cxd4 20.Bxd4 Nxd4 21.Qxd4 Bb6 22.Qd2 d4
23.Na4 Nb5 24.Nxb6 Qxb6 25.Nxb5 Qxb5 26.Qxd4 Rfd8 27.Qf2 Bd3 28.b3 a5 29.e6 fxe6
30.Bxe6+ Kh8 31.Re5 Qb4 32.Rae1 Bb5 33.Kg1 Bc6 34.R5e2 Qc3 35.Re3 Qb4 36.R3e2 Qc3
37.Rc2 Qf6 38.Qe3 Rd6 39.Qe5 Qd8 40.f5 Rd1 41.Re2 Rxe1+ 42.Rxe1 Qd2 43.Qe2 Rd8
44.Qxd2 Rxd2 45.a4 Rg2+ 46.Kf1 Rxh2 47.Re5 h5 48.Rxa5 Kh7 49.Re5 Kh6 50.Bd5 Rb2
51.Bxc6  1/2-1/2

[Event "2nd Indonesia Open"]
[Site "Jakarta INA"]
[Date "2012.10.12"]
[Round "2.12"]
[White "Wahono,A"]
[Black "Grigoryan,Av"]
[Result "0-1"]
[WhiteElo "2389"]
[BlackElo "2572"]

1.Nf3 d5 2.g3 Nc6 3.d3 e5 4.Bg2 f6 5.c3 Be6 6.Nbd2 Qd7 7.b4 a6 8.a3 Bh3 9.Bxh3 Qxh3
10.Qb3 Nge7 11.c4 d4 12.Ne4 Ng6 13.Bd2 Be7 14.Rg1 h5 15.c5 Qd7 16.h4 Nf8
17.a4 Ne6 18.Rc1 Ncd8 19.b5 axb5 20.axb5 c6 21.bxc6 bxc6 22.Kf1 Qd5 23.Qb6 O-O
24.Nd6 Ra2 25.Bb4 Bxd6 26.cxd6 Rf7 27.d7 Rxd7 28.Qb8  0-1

[Event "FSFMA2 October 2012"]
[Site "Budapest HUN"]
[Date "2012.10.13"]
[Round "7.4"]
[White "Neuer,T"]
[Black "Farkas,R"]
[Result "0-1"]
[WhiteElo "2098"]
[BlackElo "2112"]

1.Nf3 d5 2.g3 c6 3.Bg2 Nf6 4.O-O Bf5 5.c4 dxc4 6.Na3 Qd5 7.b3 cxb3 8.axb3 Qd8
9.d3 Nbd7 10.Nc4 e6 11.Bf4 Nb6 12.Na5 Qc8 13.Nd4 Nbd5 14.Bd2 Bg6 15.Qc2 Be7
16.Qb2 O-O 17.b4 e5 18.Nc2 e4 19.dxe4 Nxe4 20.Be1 Bf6 21.Nd4 b6 22.Nab3 c5
23.bxc5 bxc5 24.Rc1 Qb7 25.Qc2 cxd4 26.Bxe4 Bxe4 27.Qxe4 Qxb3  0-1

[Event "BSF GM Cup 2012"]
[Site "Copenhagen DEN"]
[Date "2012.10.13"]
[Round "2.2"]
[White "Danielsen,Hen"]
[Black "Skytte,R"]
[Result "0-1"]
[WhiteElo "2524"]
[BlackElo "2406"]

1.Nf3 d5 2.g3 g6 3.Bg2 Bg7 4.O-O e5 5.d3 Ne7 6.Nbd2 O-O 7.c4 c6 8.Rb1 h6
9.b4 Be6 10.Qc2 b5 11.Bb2 Nd7 12.cxb5 cxb5 13.Nb3 Rc8 14.Qd2 d4 15.Rfc1 Qb6
16.Ba1 Nd5 17.Ne1 Qd6 18.a3 N5b6 19.Na5 Bd5 20.Rxc8 Rxc8 21.Rc1 Bxg2 22.Nxg2 Rxc1+
23.Qxc1 a6 24.Qc2 Nd5 25.e4 dxe3 26.fxe3 Qc7 27.Qxc7 Nxc7 28.e4 Kf8 29.g4 Ke7
30.Kf2 Nf8 31.Nh4 Nfe6 32.Nf3 Kd6 33.Ke3 Bf6 34.h4 h5 35.g5 Bg7 36.Bb2 Bh8
37.Bc3 Bg7 38.Nb3 Bh8 39.Be1 Na8 40.Bg3 Nb6 41.Kd2 f5 42.Nc5 fxe4 43.Nxe4+ Kd5
44.Ke3 Nd4 45.Ne1 Nf5+ 46.Ke2 Nd4+ 47.Kd1 Na4 48.Bf2 Nf5 49.Kd2 Bg7 50.Nc2 Bf8
51.Nf6+ Ke6 52.Be1 Be7 53.Ne4 Kd5 54.Bf2 Ke6 55.Ne1 Kd5 56.Nf3 Bd8 57.Kc2 Be7
58.Ba7 Bd6 59.Bf2 Be7 60.Bg1 Bd8 61.Bh2 Bc7 62.Nf6+ Ke6 63.Ne4 Kd5 64.Kd2 a5
65.Nf6+ Ke6 66.Ne8 Bd8 67.bxa5 Bxa5+ 68.Kc2 Ne3+ 69.Kb1 Ng4 70.Bg3 Nc3+ 71.Kc2 Ne2
72.Be1 Ne3+ 73.Kb2 Bxe1 74.Nxe1 Nd4 75.Kc3 Nd5+  0-1

[Event "28th European Club Cup"]
[Site "Eilat ISR"]
[Date "2012.10.13"]
[Round "3.15"]
[White "Klenburg,M"]
[Black "Valsecchi,A"]
[Result "1/2-1/2"]
[WhiteElo "2366"]
[BlackElo "2415"]

1.g3 d5 2.Nf3 c6 3.Bg2 Bg4 4.O-O Nd7 5.d4 e6 6.Nbd2 Ngf6 7.Re1 Be7 8.e4 O-O
9.c3 Bh5 10.e5 Ne8 11.Nb3 a5 12.Be3 a4 13.Nc1 Nb6 14.Nd3 Nc4 15.Bc1 Qb6 16.Qe2 Nc7
17.Nf4 Bg4 18.h3 Bxf3 19.Bxf3 c5 20.dxc5 Qxc5 21.a3 Nb5 22.Bg4 Ra6 23.Qf3 Qc7
24.Qd3 Rd8 25.Rb1 Rb6 26.Be3 Nxe3 27.Qxe3 Rc6 28.Be2 Qa5 29.Bd3 Nc7 30.Qf3 Na6
31.Rbd1 Qb6 32.Re2 Nc5 33.Bb1 Qc7 34.Nh5 g6 35.Nf6+ Bxf6 36.Qxf6 Nd7 37.Qg5 Rc8
38.h4 Qd8 39.Qe3 h5 40.Ba2 Nb6 41.Rd4 Nc4 42.Bxc4  1/2-1/2

[Event "28th European Club Cup"]
[Site "Eilat ISR"]
[Date "2012.10.14"]
[Round "4.17"]
[White "Collutiis,D"]
[Black "Stenersen,G"]
[Result "1-0"]
[WhiteElo "2501"]
[BlackElo "2226"]

1.Nf3 d5 2.g3 c6 3.Bg2 Nf6 4.c4 h6 5.O-O Bf5 6.Qb3 Qc8 7.cxd5 cxd5 8.Nc3 e6
9.d3 Nbd7 10.Bf4 Nc5 11.Qb5+ Nfd7 12.b4 a6 13.Qa5 Nxd3 14.Nxd5 Nxf4 15.Nxf4 Qc3
16.a3 b6 17.Qa4 Bc2 18.Rac1 Bxa4 19.Rxc3 Bd6 20.Nd4 Rb8 21.Bc6 Bxc6 22.Nxc6 Rc8
23.Rfc1 Nf6 24.Nd3 Nd5 25.R3c2 f6 26.e4 Ne7 27.e5 Kd7 28.Nxe7 Bxe7 29.Nf4 Rxc2
30.Rxc2 fxe5 31.Ng6 Rb8 32.Nxe5+ Kd6 33.f4 Rb7 34.Rd2+ Kc7 35.Kf2 a5 36.Rc2+ Kd6
37.Kf3 axb4 38.axb4 b5 39.Ke4 Bf6 40.Rc6+ Ke7 41.h4 Rb8 42.g4 Rd8 43.Rc5 Rd1
44.Nf3 Kd6 45.Rxb5 Kc6 46.Rc5+ Kb6 47.g5 hxg5 48.hxg5 Bb2 49.Rc2 Rb1 50.Nd4 Bxd4
51.Kxd4 Rf1 52.Ke5 Re1+ 53.Kd6 Re4 54.Rc6+ Kb5 55.Rc7  1-0

[Event "28th European Club Cup"]
[Site "Eilat ISR"]
[Date "2012.10.14"]
[Round "4.3"]
[White "Brunner,L"]
[Black "Kamsky,G"]
[Result "0-1"]
[WhiteElo "2448"]
[BlackElo "2755"]

1.Nf3 d5 2.g3 Nf6 3.Bg2 c6 4.O-O Bf5 5.b3 e6 6.Bb2 h6 7.d3 a5 8.a3 Be7 9.Nbd2 O-O
10.c4 Bh7 11.Qc2 Na6 12.Bh3 Nd7 13.Bc3 c5 14.e3 Nc7 15.Rfe1 b5 16.cxd5 Nxd5
17.Bb2 a4 18.bxa4 Rxa4 19.e4 N5f6 20.Bg2 Qc8 21.Rac1 Qa6 22.Nb1 c4 23.d4 Rc8
24.h3 b4 25.axb4 Bxb4 26.Bc3 Nd5 27.Bf1 Nxc3 28.Nxc3 Bxc3 29.Qxc3 Ra3 30.Qb4 Rxf3
31.Bxc4 Qb6  0-1

[Event "TCh-ROU League A 2012"]
[Site "Olanesti ROU"]
[Date "2012.10.14"]
[Round "9.6"]
[White "Toma,Ra"]
[Black "Stegariu,A"]
[Result "1-0"]
[WhiteElo "2208"]
[BlackElo "2129"]

1.Nf3 d5 2.g3 Nf6 3.Bg2 e6 4.O-O Bd6 5.c4 c6 6.Qc2 Nbd7 7.d4 O-O 8.Nbd2 b6
9.e4 dxe4 10.Nxe4 Nxe4 11.Qxe4 Bb7 12.Bf4 Nf6 13.Qe3 Qc7 14.Bxd6 Qxd6 15.Ne5 Rac8
16.a3 Nd7 17.b4 c5 18.Bxb7 cxd4 19.Qe4 Qxe5 20.Qxe5 Nxe5 21.Bxc8 Rxc8 22.Rfd1 Rxc4
23.Rac1 b5 24.f4 Rxc1 25.Rxc1 Nc4 26.a4 g5 27.axb5 Nd6 28.Rc6 Nxb5 29.Rc5 a6
30.Rxg5+ Kf8 31.Kf2 f5 32.g4 Nc3 33.Rh5 d3 34.Ke1 fxg4 35.Ra5 Nd5 36.Rxa6 Nxb4
37.Rxe6 Kf7 38.Rh6 Nd5 39.Rh4 Nxf4 40.Rxg4 Ng6 41.Rg5 Kf6 42.Rh5 Ne5 43.Kd2  1-0

[Event "FSFMA2 October 2012"]
[Site "Budapest HUN"]
[Date "2012.10.15"]
[Round "9.3"]
[White "Neuer,T"]
[Black "Jensen,Le1"]
[Result "1-0"]
[WhiteElo "2098"]
[BlackElo "2050"]

1.Nf3 d5 2.g3 c6 3.Bg2 Bf5 4.O-O Nf6 5.c4 e6 6.cxd5 exd5 7.d3 Be7 8.Nc3 O-O
9.Qb3 Qb6 10.Qc2 Qc7 11.Bf4 Qd7 12.e4 Bh3 13.Ne5 Qc8 14.exd5 Bxg2 15.Kxg2 cxd5
16.Qb3 d4 17.Ne2 Nh5 18.Rac1 Nc6 19.Qd5 Nxf4+ 20.Nxf4 g5 21.Nxc6 bxc6 22.Rxc6 Qb8
23.Nh5 Rd8 24.Qe4 Re8 25.Rh6 Bb4 26.Qxh7+ Kf8 27.Qg7+ Ke7 28.Qxg5+ Kd7 29.Nf6+ Kc7
30.Rc1+ Kd8 31.Nxe8+ Kxe8 32.Rh8+ Kd7 33.Rxb8  1-0